| 000 | 00827cam a2200229 a 4500 | ||
|---|---|---|---|
| 020 | _a0471584584 (cloth : acidfree paper) | ||
| 082 | 0 | 0 |
_a624.1821 _bENG _cL-N/01, P-41 |
| 100 | 1 |
_aEnglekirk, Robert E., _942999 |
|
| 245 | 1 | 0 |
_aSteel structures : _bcontrolling behavior through design / _cRobert Englekirk. |
| 260 |
_aNew York : _bWiley, _cc1994. |
||
| 300 |
_axxii, 807 p. : _bill. ; _c26 cm. |
||
| 526 |
_a0 _b0 _c0 _d624_182100000000000_ENG |
||
| 526 |
_a0 _b0 _c0 _d624_182100000000000_ENG |
||
| 650 | 0 | _aBuilding, Iron and steel. | |
| 650 | 0 |
_aLoad factor design. _922312 |
|
| 650 | 0 |
_aMCE _9379 |
|
| 650 | 0 | _aSteel, Structural. | |
| 650 | 0 | _aStructural design. | |
| 856 | 4 | _uhttp://www.loc.gov/catdir/toc/onix03/93043329.html | |
| 856 | 4 | 2 | _uhttp://www.loc.gov/catdir/description/wiley032/93043329.html |
| 942 |
_2ddc _cBK |
||
| 999 |
_c546808 _d546808 |
||